|
|
|
|
| LEADER |
00000nam a2200000 4500 |
| 008 |
160511b2006 mx a|||| |||| 00| | spa d |
| 020 |
|
|
|a 9688782092
|
| 090 |
|
|
|a 06.03.06
|b 2332
|
| 100 |
1 |
|
|9 1726
|a Padilla Arroyo, Antonio
|
| 245 |
1 |
0 |
|a Historia, modernidad y crisis en la educación superior /
|c Antonio Padilla Arroyo, Lucía Martínez Moctezuma, René Pedroza Flores, Alcira Soler Durán, Miguel Ángel Izquierdo Sánchez, María de Lourdes García, Jorge Mario Flores Osorio
|
| 260 |
|
|
|a [Lugar de publicación no identificado] :
|b Lucera Diogenis,
|c 2006
|
| 300 |
|
|
|a 126 páginas
|
| 650 |
1 |
4 |
|9 8
|a EDUCACIÓN SUPERIOR
|
| 650 |
1 |
4 |
|9 22
|a HISTORIA
|
| 650 |
1 |
4 |
|9 1410
|a CRISIS DE LA EDUCACIÓN
|
| 651 |
|
4 |
|9 19
|a MÉXICO
|
| 700 |
|
|
|9 1727
|a Martínez Moctezuma, Lucía
|
| 700 |
|
|
|9 1728
|a Pedroza Flores, René
|
| 700 |
|
|
|9 1730
|a Izquierdo Sánchez, Miguel Ángel
|
| 700 |
|
|
|9 1731
|a García, María de Lourdes
|
| 700 |
|
|
|9 1729
|a Soler Durán, Alcira
|
| 700 |
|
|
|9 1732
|a Flores Osorio, Jorge Mario
|
| 942 |
|
|
|i 004155
|h 06.03.06 2332
|2 z
|c 01
|
| 999 |
|
|
|c 3217
|d 3217
|